LEADER 03095nam 2200493 450 001 9910495656903321 005 20150716165335.0 010 $a2-85430-064-5 024 7 $a10.4000/books.sdo.961 035 $a(CKB)4340000000013337 035 $a(WaSeSS)IndRDA00044874 035 $a(FrMaCLE)OB-sdo-961 035 $a(oapen)https://directory.doabooks.org/handle/20.500.12854/86931 035 $a(PPN)182832694 035 $a(EXLCZ)994340000000013337 100 $a20150716d1984 || | 101 0 $afre 135 $aur||||||||||| 181 $ctxt$2rdacontent 182 $cc$2rdamedia 183 $acr$2rdacarrier 200 10$aGens de Motlav $eide?ologie et pratique sociale en Me?lane?sie /$fBernard Vienne 210 $aParis$cSociété des Océanistes$d1984 210 1$aParis :$cSocie?te? des Oce?anistes,$d1984. 215 $a1 online resource (434 pages) 225 0 $aPublications de la SdO 311 $a2-85430-000-9 320 $aIncludes bibliographical references. 330 $aBernard Vienne, chercheur éminent de l'Office de la Recherche Scientifique et Technique Outre Mer, travaille depuis de longues années au Vanuatu (ex Nouvelles-Hébrides) et plus particulièrement aux îles Banks dans le nord de l'archipel. Il reprend les travaux classiques du Révérend Codrington (The Melanesians, Studies in their anthropology and folklore) et de W.H. Rivers, fondateur de l'école d'anthropologie sociale britannique (History of the Melanesian Society). Bernard Vienne a su aller patiemment plus loin, à partir des recherches déjà connues, et sans mépris pour ses prédécesseurs. Le résultat est une synthèse très neuve, où tout est repris en compte, où les matériaux sont originaux pour la plus grande part et qui répond définitivement à certaines hypothèses théoriques. Nous apprenons aussi comment s'imbriquent aux alliances matrimoniales les stratégies foncières en vue de l'accès aux meilleures terres à ignames, comment les systèmes de parenté s'organisent globalement pour l'ensemble des groupes et comment les familles glissent lentement d'une île à l'autre, les zones les moins peuplées de Vanua Lava se remplissant d'habi-tants nouveaux en fonction d'une politique concertée et consciente. Comment en fait, un peuple s'est géré tout seul, en dehors des structures coloniales qui l'ignoraient et dont il savait se protéger ; comment il a su aussi admirablement régler ses problèmes tout en restant fondamentalement lui-même. La pro-tection de la Melanesian Mission, anglicane et « high church », n'a pas été étrangère à cette réussite. 606 $aEthnology$zVanuatu$zBanks Islands 607 $aBanks Islands (Vanuatu)$xSocial life and customs 610 $aMélanésie 610 $aVanuatu 610 $amythes 610 $aparenté 610 $aidéologie 615 0$aEthnology 700 $aVienne$b Bernard$01233947 801 0$bWaSeSS 801 1$bWaSeSS 906 $aBOOK 912 $a9910495656903321 996 $aGens de Motlav$92866085 997 $aUNINA LEADER 01393nam0 22003131i 450 001 UON00318270 005 20231205104129.94 010 $a84-376-2136-4 100 $a20081210d2004 |0itac50 ba 101 $aspa 102 $aES 105 $a|||| 1|||| 200 1 $aCine y traducción$fFrederic Chaume 210 $aMadrid$cCátedra$d2004 215 $a336 p.$d21 cm. 410 1$1001UON00429501$12001 $aSigno e Imagen$1210 $aMadrid$cCátedra$v81 606 $aDOPPIAGGIO CINEMATOGRAFICO$3UONC052107$2FI 606 $aSCENEGGIATURA CINEMATOGRAFICA$xTraduzioni$3UONC082276$2FI 620 $aES$dMadrid$3UONL000218 676 $a778.5344$cSpecifici campi e tipi speciali di fotografia; produzione cinematografica e video; attività connesse. Suono$v21 700 1$aCHAUME$bFrederic$3UONV217975$0698600 712 $aCátedra$3UONV266175$4650 801 $aIT$bSOL$c20240220$gRICA 899 $aSIBA - SISTEMA BIBLIOTECARIO DI ATENEO$2UONSI 912 $aUON00318270 950 $aSIBA - SISTEMA BIBLIOTECARIO DI ATENEO$dSI Angl VIII 0071 $eSI 6269 7 0071 951 $aSIBA - SISTEMA BIBLIOTECARIO DI ATENEO$bSI2013439 1J 20130603 996 $aCine y traducción$91372736 997 $aUNIOR